Daň z pridanej hodnoty

Zmeny zákona o DPH v roku 2018. S účinnosťou od 1.1.2018 dochádza k zmenám zákona (č. 222/2004 Z.z.) o dani z pridanej hodnoty v znení neskorších predpisov. Ku dňu spracovania príspevku novela zákona nebola uverejnená v Zbierke zákonov. Ilustračné príklady.

Uložené v:
Podrobná bibliografia
Hlavný autor: Betáková, Jaroslava
Médium: Kapitola
Jazyk:Slovak
Predmet:
Tagy: Pridať tag
Žiadne tagy, Buďte prvý, kto otaguje tento záznam!

MARC

LEADER 00000naa a2200000 4500
001 0238869
005 20180117104748.4
041 0 |a slo 
044 |a SK 
245 1 0 |a Daň z pridanej hodnoty  |c Jaroslava Betáková 
520 |a Zmeny zákona o DPH v roku 2018. S účinnosťou od 1.1.2018 dochádza k zmenám zákona (č. 222/2004 Z.z.) o dani z pridanej hodnoty v znení neskorších predpisov. Ku dňu spracovania príspevku novela zákona nebola uverejnená v Zbierke zákonov. Ilustračné príklady. 
610 2 0 |a zákony 
610 2 0 |a novelizácia 
610 2 0 |a dane z hodnoty pridanej 
610 2 0 |a Slovensko 
100 1 |a Betáková, Jaroslava